000 00468 a2200169 4500
001 130074
022 _a1679-656X
040 _cLeonardo Da Vinci
041 _aPortuguês
082 _aCAP 2010
_b2010
245 _aColégio de aplicação Pio XII
300 _a17
362 _a20100329
490 _aColégio de aplicação Pio XII
_aSistema nervoso e condução nervosa
697 _aCélula nervosa
_aSistema nervoso
_aMedula
_aQuestões
_aGhemat
942 _cCR
999 _c130074
_d130074